| 000 | 00590nam a22002177a 4500 | ||
|---|---|---|---|
| 005 | 20260219170508.0 | ||
| 020 | _a1-58829-843-4 | ||
| 041 | _aeng | ||
| 082 |
_223rd ed. _a631.5233 _bAGR |
||
| 245 |
_aAgrobacterium protocols _cedited by Kan Wang |
||
| 250 | _a2nd ed. | ||
| 260 |
_aNew Jersey _bHumana _c2006 |
||
| 300 |
_axxiii, 485p.; ill.; tables.; _c23 cm. |
||
| 440 |
_aMethods in Molecular Biology _v344 |
||
| 650 | _aAgrobacterium | ||
| 650 | _aGenetics | ||
| 650 | _aProtocol-books | ||
| 700 | _aWang, Kan (ed.) | ||
| 856 | _uwww.humanapress.com | ||
| 942 | _cBK | ||
| 999 |
_c184471 _d184470 |
||